000 00222nam a2200097Ia 4500
008 170619s9999 xx 000 0 und d
100 _aHarish- A.R.
245 0 _aAntennas and Wave Propagation
260 _bOxford
260 _c2010
546 _aENGLISH
999 _c20808
_d20808